Mezinárodní konference o družstvech a samoprávných podnicích.
V auguste 1990 bola na Staffordshire Polytechnic v Stoke-on-Trent v severozápadnej Anglii usporiadaná medzinárodná konferencia Družstvá a samosprávne podniky - ekonomika chudoby? Diskutovali sa problémy družstiev a samosprávnych podnikov vo vyspelých trhových ekonomikách i v reformujúcich sa centrál...
Saved in:
| Main Author: | |
|---|---|
| Format: | Book Chapter |
| Language: | Czech |
| Subjects: | |
| Tags: |
No Tags, Be the first to tag this record!
|
MARC
| LEADER | 00000naa a2200000 4500 | ||
|---|---|---|---|
| 001 | r003906 | ||
| 005 | 20221125080931.4 | ||
| 041 | 0 | |a cze | |
| 044 | |a [CS] | ||
| 245 | 1 | 0 | |a Mezinárodní konference o družstvech a samoprávných podnicích. |c P. Mertlík |
| 520 | |a V auguste 1990 bola na Staffordshire Polytechnic v Stoke-on-Trent v severozápadnej Anglii usporiadaná medzinárodná konferencia Družstvá a samosprávne podniky - ekonomika chudoby? Diskutovali sa problémy družstiev a samosprávnych podnikov vo vyspelých trhových ekonomikách i v reformujúcich sa centrálne plánovaných hospodárstvach. O postavení družstiev v malej a veľkej privatizácii v ČSFR informoval P. Mertlík. | ||
| 610 | 2 | 0 | |a družstvá |
| 610 | 2 | 0 | |a podnik |
| 610 | 2 | 0 | |a samospráva |
| 610 | 2 | 0 | |a konferencie |
| 610 | 2 | 0 | |a Veľká Británia |
| 610 | 2 | 0 | |a 1990 |
| 610 | 2 | 0 | |a privatizácia |
| 100 | 1 | |a Mertlík, Pavel | |